000 01771cam a2200217 4500500
005 20260329005129.0
041 _afre
042 _adc
100 1 0 _aMaillard, Sébastien
_eauthor
245 0 0 _aUnion européenne : décrochage économique et changement de logiciel
260 _c2026.
500 _a88
520 _aAlors que sa compétitivité est de plus en plus distancée par la Chine et les États-Unis, l’Union européenne révise en partie ses politiques économiques. Elle se dote de nouveaux instruments plus interventionnistes et protecteurs pour relancer son industrie, en particulier dans la défense, et rouvre le chantier de l’achèvement de son marché intérieur pour stimuler sa croissance en l’autonomisant. Il s’agit d’articuler la relance de la production intérieure avec la diversification offerte par les accords de libre-échange.politique étrangère
520 _aIncreasingly left behind in the competitiveness stakes by China and the United States, the European Union is revising its economic policy. It is introducing new, more interventionist and protectionist instruments to revive its industry, particularly in the defense sector, and is restarting efforts to complete the internal market in the hope that greater autonomy will stimulate growth. The challenge is to combine the revitalization of internal production with the diversification offered by free trade agreements.
690 _aÉchanges commerciaux
690 _aMarché intérieur
690 _aPolitique industrielle
690 _aUnion européenne
786 0 _nPolitique étrangère | Pritemps | 1 | 2026-03-05 | p. 31-43 | 0032-342X
856 4 1 _uhttps://shs.cairn.info/revue-politique-etrangere-2026-1-page-31?lang=fr&redirect-ssocas=7080
999 _c1840587
_d1840587